<?xml version="1.0" encoding="UTF-8"?>
<record
    xmlns:xsi="http://www.w3.org/2001/XMLSchema-instance"
    xsi:schemaLocation="http://www.loc.gov/MARC21/slim http://www.loc.gov/standards/marcxml/schema/MARC21slim.xsd"
    xmlns="http://www.loc.gov/MARC21/slim">

  <leader>02262nam a22002897a 4500</leader>
  <controlfield tag="005">20231223120048.0</controlfield>
  <controlfield tag="008">231223b           ||||| |||| 00| 0 eng d</controlfield>
  <datafield tag="020" ind1=" " ind2=" ">
    <subfield code="a">9789350022580</subfield>
  </datafield>
  <datafield tag="040" ind1=" " ind2=" ">
    <subfield code="c">AL</subfield>
  </datafield>
  <datafield tag="041" ind1=" " ind2=" ">
    <subfield code="a">eng</subfield>
  </datafield>
  <datafield tag="082" ind1=" " ind2=" ">
    <subfield code="2">23</subfield>
    <subfield code="a">335.43</subfield>
    <subfield code="b">GRAA</subfield>
  </datafield>
  <datafield tag="100" ind1=" " ind2=" ">
    <subfield code="a">Antonio Gramsci Reader</subfield>
    <subfield code="9">147054</subfield>
  </datafield>
  <datafield tag="245" ind1=" " ind2=" ">
    <subfield code="a">Antonio Gramsci Reader:</subfield>
    <subfield code="b">Selected Writings 1916-1935</subfield>
  </datafield>
  <datafield tag="260" ind1=" " ind2=" ">
    <subfield code="a">Delhi</subfield>
    <subfield code="b">Aakar Books</subfield>
    <subfield code="c">2021</subfield>
  </datafield>
  <datafield tag="300" ind1=" " ind2=" ">
    <subfield code="a">447p.</subfield>
    <subfield code="b">PB</subfield>
    <subfield code="c">21x14cm.</subfield>
  </datafield>
  <datafield tag="365" ind1=" " ind2=" ">
    <subfield code="2">Social Work</subfield>
    <subfield code="a">6781</subfield>
    <subfield code="b">600.00</subfield>
    <subfield code="c">&#x20B9;</subfield>
    <subfield code="d">750.00</subfield>
    <subfield code="e">20%</subfield>
    <subfield code="f">16-12-2023</subfield>
  </datafield>
  <datafield tag="520" ind1=" " ind2=" ">
    <subfield code="a">
"Very usefully pulls the key passages from Gramsci's writings into one volume, which allows English-language readers an overall view of his work. Particularly valuable are the connections it draws across his work and the insights which the introduction and glossary provide into the origin and development of some key Gramscian concepts." --Stuart Hall, Professor of Sociology, Open University The most complete one-volume collection of writings by one of the most fascinating thinkers in the history of Marxism, The Antonio Gramsci Reader fills the need for a broad and general introduction to this major figure. Antonio Gramsci was one of the most important theorists of class, culture, and the state since Karl Marx. In the U.S., where his writings were long unavailable, his stature has lately so increased that every serious student of Marxism, political theory, or modern Italian history must now read him. Imprisoned by the Fascists for much of his adult life, Gramsci wrote brilliantly on a broad range of subjects: from folklore to philosophy, popular culture to political strategy. Still the most comprehensive collection of Gramsci's writings available in English, it now features a new introduction by leading Marxist historian Eric Hobsbawm, in addition to its biographical introduction, informative introductions to each section, and glossary of key terms.</subfield>
  </datafield>
  <datafield tag="650" ind1=" " ind2=" ">
    <subfield code="a">Socialism and Marxism</subfield>
    <subfield code="9">147044</subfield>
  </datafield>
  <datafield tag="650" ind1=" " ind2=" ">
    <subfield code="a">Working Class Education</subfield>
    <subfield code="9">147045</subfield>
  </datafield>
  <datafield tag="650" ind1=" " ind2=" ">
    <subfield code="a">Factory Council</subfield>
    <subfield code="9">147046</subfield>
  </datafield>
  <datafield tag="650" ind1=" " ind2=" ">
    <subfield code="a">Prison Writings</subfield>
    <subfield code="9">147047</subfield>
  </datafield>
  <datafield tag="650" ind1=" " ind2=" ">
    <subfield code="a">Journalism </subfield>
    <subfield code="9">147048</subfield>
  </datafield>
  <datafield tag="650" ind1=" " ind2=" ">
    <subfield code="a">Americanism and Fordism</subfield>
    <subfield code="9">147049</subfield>
  </datafield>
  <datafield tag="700" ind1=" " ind2=" ">
    <subfield code="a">GRAMSCI (Antonio)</subfield>
    <subfield code="9">147050</subfield>
  </datafield>
  <datafield tag="700" ind1=" " ind2=" ">
    <subfield code="a">FORGACS (David) Ed</subfield>
    <subfield code="9">147051</subfield>
  </datafield>
  <datafield tag="942" ind1=" " ind2=" ">
    <subfield code="2">ddc</subfield>
    <subfield code="c">BK</subfield>
  </datafield>
  <datafield tag="999" ind1=" " ind2=" ">
    <subfield code="c">229550</subfield>
    <subfield code="d">229550</subfield>
  </datafield>
  <datafield tag="952" ind1=" " ind2=" ">
    <subfield code="0">0</subfield>
    <subfield code="1">0</subfield>
    <subfield code="2">ddc</subfield>
    <subfield code="4">0</subfield>
    <subfield code="7">0</subfield>
    <subfield code="8">SW</subfield>
    <subfield code="a">AL</subfield>
    <subfield code="b">AL</subfield>
    <subfield code="d">2023-12-21</subfield>
    <subfield code="e">Biblios Book Point Surathkal Mangalore 575014</subfield>
    <subfield code="g">600.00</subfield>
    <subfield code="l">1</subfield>
    <subfield code="o">335.43 GRAA</subfield>
    <subfield code="p">077010</subfield>
    <subfield code="r">2024-05-23 00:00:00</subfield>
    <subfield code="s">2023-12-23</subfield>
    <subfield code="v">750.00</subfield>
    <subfield code="w">2023-12-23</subfield>
    <subfield code="y">BK</subfield>
  </datafield>
</record>
